| 000 | 00616nam a2200169 i 4500 | ||
|---|---|---|---|
| 001 | 25957 | ||
| 003 | ES-MaACL | ||
| 005 | 20230906153348.0 | ||
| 007 | t| | ||
| 008 | 030107s1874 sp ||||1| spa d | ||
| 080 | _a745/749:061.231(460.27 M.).055.5 | ||
| 110 | 2 |
_aAsociación Protectora de Artesanos Jóvenes. _91788 |
|
| 245 | 1 | 0 |
_aMemoria leída por su presidente a la Junta General... el día 20 de enero de 1874 / _cAsociación Protectora de Artesanos Jóvenes. |
| 260 |
_aMadrid : _b[s.n., _c1874] |
||
| 610 | 2 | 4 |
_aAsociación Protectora de Artesanos Jóvenes- _vMemorias. _9148025 |
| 852 | 4 |
_aES-MaACL _jT-165-F-5 |
|
| 999 |
_c25957 _d25957 |
||